000 00747nam a22002417a 4500
999 _c6366
_d6366
001 11836
003 BD-DhUAP
005 20201230122610.0
008 201230s2005 maua|||| |||| 001 0 eng d
020 _a0763747246
020 _a9780763747244
040 _aBD-DhUAP
_bEng
_cBD-DhUAP
_dBD-DhUAP
082 _223
_a344.730416 ABO
100 _aAbood, Richard R.
245 _aPharmacy practice and the law /
_cRichard R. Abood.
250 _a4th ed.
260 _aSudbury, Mass. :
_bJones and Bartlett Publishers,
_cc2005.
300 _ax, 390 pages :
_billustrations ;
_c25 cm.
500 _aIncludes index.
650 _aPharmacists
_vLegal status, laws, etc
_zUnited States.
650 _aPharmacy
_vLaw and legislation.
942 _2ddc
_cBK